书目信息 |
| 题名: |
建筑桂冠
|
|
| 作者: | 黄健敏 主编 ;施植明 , 徐明松 , 苏智锋 著 | |
| 分册: | ||
| 出版信息: | 北京 生活·读书·新知三联书店 2006.06 |
|
| 页数: | 231页 | |
| 开本: | 23cm | |
| 丛书名: | ||
| 单 册: | ||
| 中图分类: | K816.16 | |
| 科图分类: | ||
| 主题词: | 建筑师--jian zhu shi--生平事迹--世界--现代 , 建筑师--jian zhu shi--建筑艺术--作品--评价--世界--现代 | |
| 电子资源: | ||
| ISBN: | 7-108-02439-X | |
| 000 | 01299nam0 2200289 450 | |
| 001 | 012006257015 | |
| 005 | 20061205152244.33 | |
| 010 | @a7-108-02439-X@dCNY45.00 | |
| 100 | @a20061108d2006 km y0chiy0120 ea | |
| 101 | 0 | @achi |
| 102 | @aCN@b110000 | |
| 105 | @aa z 000yd | |
| 200 | 1 | @a建筑桂冠@Ajian zhu gui guan@e普里茨克建筑大师@d= Architects@eWho won the Pritzker architecture prize@f黄健敏主编@Fhuang jian min zhu bian@g施植明, 徐明松, 苏智锋著@Gshi zhi ming,xu ming song,su zhi feng zhu@zeng |
| 210 | @a北京@c生活·读书·新知三联书店@d2006.06 | |
| 215 | @a231页@c图@d23cm | |
| 330 | @a本书由国内建筑专业者连手执笔,深入浅出介绍十七位普立兹克建筑奖得主的生平及代表作,其中不乏国人所熟知的明星建筑师,例如贝聿铭、安藤忠雄、法兰克·盖瑞(Frank Gehry)、霍朗明(Norman Foster)。 | |
| 510 | 1 | @aArchitects@eWho won the Pritzker architecture prize@zeng |
| 517 | 1 | @a普里茨克建筑大师@Apu li ci ke jian zhu da shi |
| 606 | 0 | @a建筑师@Ajian zhu shi@x生平事迹@y世界@z现代 |
| 606 | 0 | @a建筑师@Ajian zhu shi@x建筑艺术@x作品@x评价@y世界@z现代 |
| 690 | @aK816.16@v4 | |
| 701 | 0 | @a黄健敏@Ahuang jian min@4主编 |
| 702 | 0 | @a施植明@Ashi zhi ming@4著 |
| 702 | 0 | @a徐明松@Axu ming song@4著 |
| 702 | 0 | @a苏智锋@Asu zhi feng@4著 |
| 801 | 0 | @aCN@c20061205 |
| 905 | @a10447@dK816.16@eP900 | |
| 建筑桂冠:普里茨克建筑大师= Architects:Who won the Pritzker architecture prize/黄健敏主编/施植明, 徐明松, 苏智锋著.-北京:生活·读书·新知三联书店,2006.06 |
| 231页:图;23cm |
| ISBN 7-108-02439-X:CNY45.00 |
| 本书由国内建筑专业者连手执笔,深入浅出介绍十七位普立兹克建筑奖得主的生平及代表作,其中不乏国人所熟知的明星建筑师,例如贝聿铭、安藤忠雄、法兰克·盖瑞(Frank Gehry)、霍朗明(Norman Foster)。 |
| ● |
| 相关链接 |
|
|
|
正题名:建筑桂冠
索取号:K816.16/P900
 
预约/预借
| 序号 | 登录号 | 条形码 | 馆藏地/架位号 | 状态 | 备注 |
| 1 | 227024 | 202270247 | 社科库309/309社科库 43排7列3层/ [索取号:K816.16/P900] | 在馆 | |
| 2 | 227025 | 202270256 | 社科库309/309社科库 43排7列3层/ [索取号:K816.16/P900] | 在馆 | |
| 3 | 227026 | 202270265 | 社科库309/309社科库 43排7列3层/ [索取号:K816.16/P900] | 在馆 |